Systemic Liquidity Management in the U.A.E. : Issues and Options /

The paper analyzes the U.A.E.'s liquidity management framework in the context of the 2008 global financial crisis and the measures taken by the Central Bank of the U.A.E. to ease liquidity pressures in the second half of 2008. Drawing also on an empirical analysis of data for 15 U.A.E. banks th...

Celý popis

Podrobná bibliografie
Hlavní autor: Chailloux, Alexandre
Další autoři: Hakura, Dalia
Médium: Časopis
Jazyk:English
Vydáno: Washington, D.C. : International Monetary Fund, 2009.
Edice:IMF Working Papers; Working Paper ; No. 2009/261
On-line přístup:Full text available on IMF
LEADER 01738cas a2200253 a 4500
001 AALejournalIMF006155
008 230101c9999 xx r poo 0 0eng d
020 |c 5.00 USD 
020 |z 9781451874068 
022 |a 1018-5941 
040 |a BD-DhAAL  |c BD-DhAAL 
100 1 |a Chailloux, Alexandre. 
245 1 0 |a Systemic Liquidity Management in the U.A.E. :   |b Issues and Options /  |c Alexandre Chailloux, Dalia Hakura. 
264 1 |a Washington, D.C. :  |b International Monetary Fund,  |c 2009. 
300 |a 1 online resource (30 pages) 
490 1 |a IMF Working Papers 
500 |a <strong>Off-Campus Access:</strong> No User ID or Password Required 
500 |a <strong>On-Campus Access:</strong> No User ID or Password Required 
506 |a Electronic access restricted to authorized BRAC University faculty, staff and students 
520 3 |a The paper analyzes the U.A.E.'s liquidity management framework in the context of the 2008 global financial crisis and the measures taken by the Central Bank of the U.A.E. to ease liquidity pressures in the second half of 2008. Drawing also on an empirical analysis of data for 15 U.A.E. banks through end-2008, the paper emphasizes the importance of making available to banks additional instruments to manage their liquidity as well as to strengthen the monitoring of a more comprehensive set of liquidity risk indicators. As regards the former, the paper discusses the merits and scope for the U.A.E. to introduce a domestic bond market. 
538 |a Mode of access: Internet 
700 1 |a Hakura, Dalia. 
830 0 |a IMF Working Papers; Working Paper ;  |v No. 2009/261 
856 4 0 |z Full text available on IMF  |u http://elibrary.imf.org/view/journals/001/2009/261/001.2009.issue-261-en.xml  |z IMF e-Library